Normal view
MARC view
Entry Topical Term
001 - CONTROL NUMBER
- control field: 26264
003 - CONTROL NUMBER IDENTIFIER
- control field: dpl
005 - DATE AND TIME OF LATEST TRANSACTION
- control field: 20110225171521.0
008 - FIXED-LENGTH DATA ELEMENTS
- fixed length control field: 110225|||a|||||| | ||| d
040 ## - CATALOGING SOURCE
- Original cataloging agency: dpl
- Transcribing agency: dpl
150 ## - HEADING--TOPICAL TERM
- Topical term or geographic name as entry element: children story
670 ## - SOURCE DATA FOUND
- Source citation: Work cat.: (dpl)20272: राकेश चक्र 26263, बच्चों की मनोरंजक कहानियाँ /, 2009
670 ## - SOURCE DATA FOUND
- Source citation: Work cat.: (dpl)20272: राकेश चक्र 26263, बच्चों की मनोरंजक कहानियाँ /, 2009
